zpět

Detail výsledku týmu

Pěkná brynda ÚT, Beroun

Datum a čas kvízu

20.5 Celkem bodů Celkový počet nahraných bodů na tomto kvízu bez doplňovacích otázek.
3. Pořadí na kvízu Konečné umístění týmu na tomto kvízu.

Zaznamenané odpovědi

# Otázka Odpověď Body Výsledky
1. V pátek byly zveřejněny výsled... Jihočeský kraj 0
2. Někdo chodí do školy pěšky, ně... D) na praseti 1
3. V areálu pražského Výstaviště... Alanis Morissette, Rag'n'Bone Man 0
4. Bývalý brazilský pilot, který... Emerson Fittipaldi, Targa Florio 0.5
5. Tým Florida Panthers porazil v... Tomáš Nosek, Vít Vaněček 0
6. Začneme politikou. Republikáns... Agrární strana, agrárníci 0
7. V letech 1918–1928 bylo Českos... Užhorod 0
8. Na fotce vidíme jeden z rekons... Aero 0
9. Zde vidíme portrét jednoho z n... Miloš Havel, Barrandov Studio 0.5
10. Věra Menčíková se narodila v r... D) šachům 0